000 00974nam a22002177a 4500
003 GBCCL
005 20251111132838.0
008 251111b |||||||| |||| 00| 0 eng d
020 _a9780736922951
020 _a0736922954
040 _cGBC
082 _a239
_bBIC 1
100 _aBickel, Bruce
245 _a Evidence for faith 101 :
_bunderstanding apologetics in plain language /
_cBruce Bickel, Stan Jantz
260 _aEugene, Or.,
_bHarvest House Publishers,
_c©2008
300 _a304 pages ;
_b22 cm.
490 _aChristianity 101
505 _aFaith and apologetics. A case for faith ; A place for evidence Faith, evidence, and God. Evidence for God ; Evidence from the natural world ; Evidence for the Bible ; Evidence for Jesus Faith and doubt. Evil and suffering ; Sin and salvation ; Heaven and hell ; Church and culture A faith you can live with. A case for Christianity ; The experience of faith
650 _a Apologetics
942 _2ddc
_cBK
_n0
999 _c11011
_d11011